书目信息 |
| 题名: |
贺龙与程砚秋
|
|
| 作者: | 谢武申 著 | |
| 分册: | ||
| 出版信息: | 北京 华文出版社 2012 |
|
| 页数: | 229页 | |
| 开本: | 24cm | |
| 丛书名: | ||
| 单 册: | ||
| 中图分类: | K825.78=71 , K825.2=72 | |
| 科图分类: | ||
| 主题词: | ||
| 电子资源: | ||
| ISBN: | 978-7-5075-3749-9 | |
| 000 | 01053nam0 2200301 45 | |
| 001 | 1360542640 | |
| 005 | 20130603092304.46 | |
| 010 | @a978-7-5075-3749-9@dCNY29.80 | |
| 100 | @a20130513d2012 em y0chiy50 ea | |
| 101 | 0 | @achi |
| 102 | @aCN@b110000 | |
| 105 | @ay z 000yd | |
| 106 | @ar | |
| 200 | 1 | @a贺龙与程砚秋@AHe Long Yu Cheng Yan Qiu@f谢武申著@FXie Wu Shen Zhu |
| 205 | @a2版 | |
| 210 | @a北京@c华文出版社@d2012 | |
| 215 | @a229页@d24cm | |
| 300 | @a统战人物传记系列 | |
| 330 | @a本书以统一战线的发展演进为背景,以开国元帅贺龙与京剧大师程砚秋的友谊为主线,叙述了贺龙等一代开国元勋与京剧大师程砚秋的交往相知,以及程砚秋等从“旧艺人”转变为德艺双磬的人民艺术家、京剧程派在新中国成立初期蜕变的过程。 | |
| 600 | 0 | @a程砚秋@f(1904-1958) |
| 600 | 0 | @a程砚秋@f(1904-1958)@x传记 |
| 600 | 0 | @a贺龙@f(1896-1969)@x传记 |
| 600 | 0 | @a贺龙@f(1896-1969) |
| 690 | @aK825.78=71@v5 | |
| 690 | @aK825.2=72@v5 | |
| 701 | 0 | @a谢武申@AXie Wu Shen@f(1945~)@4著 |
| 801 | @aCN@bTANGWEI@c20130523 | |
| 905 | @b0835104-09@dK825.78=71@e746=2@f6 | |
| 贺龙与程砚秋/谢武申著.-2版.-北京:华文出版社,2012 |
| 229页;24cm |
| 统战人物传记系列 |
| ISBN 978-7-5075-3749-9:CNY29.80 |
| 本书以统一战线的发展演进为背景,以开国元帅贺龙与京剧大师程砚秋的友谊为主线,叙述了贺龙等一代开国元勋与京剧大师程砚秋的交往相知,以及程砚秋等从“旧艺人”转变为德艺双磬的人民艺术家、京剧程派在新中国成立初期蜕变的过程。 |
| ● |
| 相关链接 |
|
|
|
|
正题名:贺龙与程砚秋
索取号:K825.78=71/746=2
 
预约/预借
| 序号 | 登录号 | 条形码 | 馆藏地/架位号 | 状态 | 备注 |
| 1 | 0835104 | 208351040 | 第二样本阅览室/ [索取号:K825.78=71/746=2] | 在馆 | |
| 2 | 0835105 | 208351059 | 第二借阅区/ [索取号:K825.78=71/746=2] | 在馆 | |
| 3 | 0835106 | 208351068 | 第二借阅区/ [索取号:K825.78=71/746=2] | 在馆 | |
| 4 | 0835107 | 208351077 | 第二借阅区/ [索取号:K825.78=71/746=2] | 在馆 | |
| 5 | 0835108 | 208351086 | 第二借阅区/ [索取号:K825.78=71/746=2] | 在馆 | |
| 6 | 0835109 | 208351095 | 第二借阅区/ [索取号:K825.78=71/746=2] | 在馆 |